Obálka Náhled e-knihy:
Epub
Pro půjčování e-knih musíte být přihlášeni.
Jak si půjčit online?

Synáček /

Baladicky laděná psychologická novela rozvíjí příběh statkářského synka, posměšně zvaného Synáček, zprvu výtržníka a povaleče, později samotářského misantropa a posléze podnikavého hospodáře a průmyslníka, jemuž se manželství stává hybnou silou žití a jenž po smrti ženy nenachází smysl života a vyčl...

Celý popis

Uloženo v:
Hlavní autor: Havlíček, Jaroslav (Autor)
Médium: E-kniha
Jazyk:Czech
Vydáno: Praha : Indeart , 2013
Tagy:
Žádné tagy
LEADER 01252nam a22002297i 4500
001 306255
007 ta
008 260601s2013 xr ||||| |||| 00| 0 cze d
020 |a 9788087808177 
044 |a xr 
100 1 |a  Havlíček, Jaroslav  |4 aut 
245 1 0 |a Synáček /  |c  Havlíček, Jaroslav 
264 1 |a Praha :  |b Indeart ,  |c 2013 
300 |a 1 online zdroj (128 stran) 
336 |a text  |b txt  |2 rdacontent 
337 |a bez média  |b n  |2 rdamedia 
338 |a online zdroj  |b cr  |2 rdacarrier 
520 2 |a Baladicky laděná psychologická novela rozvíjí příběh statkářského synka, posměšně zvaného Synáček, zprvu výtržníka a povaleče, později samotářského misantropa a posléze podnikavého hospodáře a průmyslníka, jemuž se manželství stává hybnou silou žití a jenž po smrti ženy nenachází smysl života a vyčleňuje se z lidského kolektivu. 
910 |a RBIT002 
998 |d 6140  |a https://core.palmknihy.cz/api/books/6140/cover?ey2ahr  |b https://core.palmknihy.cz/api/books/6140/cover/400?gknq7z  |c https://core.palmknihy.cz/api/books/6140/cover/50?53u7gd  |e   |g 128  |i 9788087808177  |j https://core.palmknihy.cz/api/books/6140/preview.epub  |l   |q 49  |r 1  |s https://www.palmknihy.cz/kniha/6140  |t ebook  |y 2013  |z 1 
999 |d 306253